| 000 | 01052cam a2200205 4500 | ||
|---|---|---|---|
| 001 | WB3846-06 | ||
| 008 | 021212n2002 000 0 eng u | ||
| 035 | _a(Sirsi) u120755 | ||
| 245 | _aRetentions, harmful, inefficient, outdated | ||
| 260 | _c2002 | ||
| 490 |
_aContract Journal _v(416) 6407 11 December 2002, (1) |
||
| 520 | _aParliamentary report on retentions argues that the withholding of retentions is an outdated practice that should not be necessary in a modern productive industry. Key findings in the report include that many construction firms find the withholding of them a heavy burden particularly on small and medium sized firms. Also legislation to outlaw retentions is unlikely to make much impact. For the House of Commons select committee report : http://www.parliament.the-stationery-office.co.uk/pa/cm200203/cmselect/cmtrdind/127/12702.htm | ||
| 590 | _aWB | ||
| 650 | _aRETENTIONS | ||
| 650 | _aDTI | ||
| 650 | _aGOVERNMENT CONTRACTS | ||
| 650 | _aPFI | ||
| 690 | _aBUILDING AND CONSTRUCTION-MANAGEMENT | ||
| 942 | _n0 | ||
| 999 |
_c71756 _d71756 |
||